All Bjelovar-Bilogora County settlements - Statistics

General Stats
  • This quiz has been taken 7 times
  • The average score is 24 of 323
Answers on the Map
Answers color-coded by a green-red scale on the quiz's map according to % correct below.
 
Answer Stats
Answer % Correct
Bjelovar
100%
Daruvar
100%
Čazma
83%
Grubišno Polje
67%
Berek
50%
Hercegovac
50%
Ivanska
50%
Šandrovac
50%
Severin
50%
Velika Pisanica
50%
Veliko Trojstvo
50%
Bedenik
33%
Bulinac
33%
Donji Mosti
33%
Garešnica
33%
Gornji Mosti
33%
Gudovac
33%
Kapela
33%
Kobasičari
33%
Končanica
33%
Mala Pisanica
33%
Narta
33%
Prespa
33%
Rovišće
33%
Sišćani
33%
Štefanje
33%
Tomaš
33%
Veliki Grđevac
33%
Zrinski Topolovac
33%
Babotok
17%
Batinjani
17%
Batinjska Rijeka
17%
Brezovac
17%
Ćurlovac
17%
Daruvarski Vinogradi
17%
Dežanovac
17%
Dobra Kuća
17%
Doljani
17%
Domankuš
17%
Donji Daruvar
17%
Đulovac
17%
Golubinjak
17%
Gornja Vrijeska
17%
Gornje Plavnice
17%
Gornji Daruvar
17%
Grabovnica
17%
Grbavac
17%
Grginac
17%
Hrastovac
17%
Ivanovo Selo
17%
Jabučeta
17%
Kajgana
17%
Kakinac
17%
Kaniška Iva
17%
Kupinovac
17%
Ladislav
17%
Lipovac Majur
17%
Lipovo Brdo
17%
Ljudevit Selo
17%
Maglenča
17%
Mala Trnovitica
17%
Mali Grđevac
17%
Malo Korenovo
17%
Malo Trojstvo
17%
Markovac
17%
Međurača
17%
Nova Diklenica
17%
Nova Rača
17%
Novoseljani
17%
Orlovac
17%
Orovac
17%
Pakrani
17%
Patkovac
17%
Pavlin Kloštar
17%
Podgorci
17%
Predavac
17%
Prokljuvani
17%
Rajić
17%
Ribnjačka
17%
Šibovac
17%
Šiptari
17%
Sirač
17%
Srednja Diklenica
17%
Srednji Mosti
17%
Stara Diklenica
17%
Starčevljani
17%
Stare Plavnice
17%
Tomašica
17%
Trojstveni Markovac
17%
Velika Trnovitica
17%
Veliko Korenovo
17%
Vrbovac
17%
Vukovije
17%
Ždralovi
17%
Zvijerci
17%
Andigola
0%
Babinac
0%
Bačkovica
0%
Barica
0%
Bastajski Brđani
0%
Bedenička
0%
Begovača
0%
Bijela
0%
Blagorodovac
0%
Blatnica
0%
Bojana
0%
Boriš
0%
Borova Kosa
0%
Bosiljevo
0%
Botinac
0%
Brestovačka Brda
0%
Breza
0%
Čađavac
0%
Cerina
0%
Ciglena
0%
Ciglenica
0%
Cremušina
0%
Dapčevački Brđani
0%
Dapci
0%
Daruvarski Brestovac
0%
Daskatica
0%
Dautan
0%
Dereza
0%
Dijakovac
0%
Dioš
0%
Dišnik
0%
Dominkovica
0%
Donja Kovačica
0%
Donja Petrička
0%
Donja Rašenica
0%
Donja Šušnjara
0%
Donja Vrijeska
0%
Donje Cjepidlake
0%
Donji Borki
0%
Donji Draganec
0%
Donji Dragičevci
0%
Donji Lipovčani
0%
Donji Miklouš
0%
Donji Sređani
0%
Dražica
0%
Drlež
0%
Drljanovac
0%
Duhovi
0%
Đurđic
0%
Galovac
0%
Garešnički Brestovac
0%
Gornja Garešnica
0%
Gornja Kovačica
0%
Gornja Petrička
0%
Gornja Ploščica
0%
Gornja Rašenica
0%
Gornja Šušnjara
0%
Gornja Trnovitica
0%
Gornje Cjepidlake
0%
Gornje Rovišće
0%
Gornje Zdelice
0%
Gornji Borki
0%
Gornji Draganec
0%
Gornji Dragičevci
0%
Gornji Lipovčani
0%
Gornji Miklouš
0%
Gornji Sređani
0%
Gornji Tomaš
0%
Gornji Uljanik
0%
Goveđe Polje
0%
Grabik
0%
Ilovski Klokočevac
0%
Imsovac
0%
Ivanovo Polje
0%
Jakopovac
0%
Jasenik
0%
Kapelica
0%
Kašljavac
0%
Kaštel Dežanovački
0%
Katinac
0%
Kegljevac
0%
Kip
0%
Klokočevac
0%
Kokinac
0%
Kolarevo Selo
0%
Komuševac
0%
Koreničani
0%
Kostanjevac
0%
Kovačevac
0%
Kozarevac Račanski
0%
Kraljevac
0%
Kravljak
0%
Kreštelovac
0%
Krivaja
0%
Križ Gornji
0%
Križic
0%
Lalići
0%
Laminac
0%
Lasovac
0%
Lasovac Brdo
0%
Letičani
0%
Lipovčani
0%
Lončarica
0%
Mala Babina Gora
0%
Mala Barna
0%
Mala Bršljanica
0%
Mala Ciglena
0%
Mala Dapčevica
0%
Mala Jasenovača
0%
Mala Klisa
0%
Mala Mlinska
0%
Mala Peratovica
0%
Mali Bastaji
0%
Mali Miletinac
0%
Mali Pašijan
0%
Mali Zdenci
0%
Malo Vukovje
0%
Marčani
0%
Martinac
0%
Maslenjača
0%
Milaševac
0%
Miljanovac
0%
Mlinski Vinogradi
0%
Munije
0%
Nevinac
0%
Nova Krivaja
0%
Nova Pisanica
0%
Nova Ploščica
0%
Novi Pavljani
0%
Novi Skucani
0%
Novo Selo
0%
Novo Selo Garešničko
0%
Obrovnica
0%
Općevac
0%
Orlovac Zdenački
0%
Oštri Zid
0%
Otkopi
0%
Palančani
0%
Palešnik
0%
Paljevine
0%
Paulovac
0%
Pavličani
0%
Pavlovac
0%
Pobjenik
0%
Pobrđani
0%
Podgarić
0%
Poljančani
0%
Poljani
0%
Polum
0%
Potočani
0%
Potok
0%
Prekobrdo
0%
Prgomelje
0%
Prnjarovac
0%
Prnjavor
0%
Puklica
0%
Pupelica
0%
Puričani
0%
Rastovac
0%
Ravneš
0%
Removac
0%
Reškovci
0%
Rogoža
0%
Ruškovac
0%
Samarica
0%
Sasovac
0%
Sibenik
0%
Šimljana
0%
Šimljanica
0%
Šimljanik
0%
Škodinovac
0%
Slovinska Kovačica
0%
Sokolovac
0%
Sovari
0%
Sredice Gornje
0%
Srijedska
0%
Stančići
0%
Stanići
0%
Stara Krivaja
0%
Stara Plošćica
0%
Stara Rača
0%
Starine
0%
Stari Pavljani
0%
Stari Skucani
0%
Staro Štefanje
0%
Stražanac
0%
Suhaja
0%
Šuplja Lipa
0%
Tociljevac
0%
Topolovica
0%
Treglava
0%
Trnovitički Popovac
0%
Trojeglava
0%
Tuk
0%
Turčević Polje
0%
Tvrda Reka
0%
Uljanički Brijeg
0%
Uljanik
0%
Utiskani
0%
Vagovina
0%
Velika Babina Gora
0%
Velika Barna
0%
Velika Bršljanica
0%
Velika Dapčevica
0%
Velika Jasenovača
0%
Velika Klisa
0%
Velika Mlinska
0%
Velika Peratovica
0%
Velika Trnava
0%
Veliki Bastaji
0%
Veliki Miletinac
0%
Veliki Pašijan
0%
Veliki Prokop
0%
Veliki Zdenci
0%
Veliko Vukovje
0%
Višnjevac
0%
Visovi
0%
Vrbica
0%
Vrtlinska
0%
Vučani
0%
Žabjak
0%
Zdenčac
0%
Zdenčec
0%
Zrinska
0%
No matching quizzes found
Score Distribution
Percent of People with Each Score
Percentile by Number Answered
Your Score History
You have not taken this quiz